<?xml version="1.0" encoding="UTF-8"?>
<marc:record xmlns:marc="http://www.loc.gov/MARC21/slim">
   <marc:leader>00000nam a2200000 a 4500</marc:leader>
   <marc:datafield ind1="0" ind2="0" tag="245">
      <marc:subfield code="a">Fun Mom Dinner [Bildtonträger]</marc:subfield>
   </marc:datafield>
   <marc:datafield ind1=" " ind2="1" tag="264">
      <marc:subfield code="a">München</marc:subfield>
      <marc:subfield code="b">Universum Film GmbH</marc:subfield>
   </marc:datafield>
   <marc:datafield ind1="1" ind2=" " tag="520">
      <marc:subfield code="a">Vier Mütter - deren einzige Gemeinsamkeit die Vorschulklasse ihrer Kinder ist - veranstalten ein "Fun Mom Dinner", um Wein zu trinken, zu tratschen und abzuhängen, ohne sich in dieser Nacht Sorgen um ihre Kinder und Ehemänner zu machen.&#xD;
Zu den Dinner-Gästen gehört die frisch geschiedene Jamie, "Super Mama" Melanie, die gestresste Emily, und Emilys beste Freundin die eher unnahbare Kate, die nicht glauben kann, dass Emily sie zu einem Mütter-Dinner überredet hat.&#xD;
Die Nacht beginnt als Katastrophe, aber die Kombination aus Alkohol, Karaoke und einem süßen Barkeeper führt zu einer unvergesslichen Nacht, in der die scheinbar unterschiedlichen Frauen realisieren, dass sie mehr gemeinsam haben als Mutterschaft und Männer…</marc:subfield>
   </marc:datafield>
   <marc:datafield ind1=" " ind2=" " tag="338">
      <marc:subfield code="a">Videodisk</marc:subfield>
   </marc:datafield>
   <marc:datafield ind1=" " ind2=" " tag="300">
      <marc:subfield code="a">1 DVD</marc:subfield>
   </marc:datafield>
</marc:record>
